Score 0/96 Timer 10:00
0 Plays Today
% Correct
Jimmy Floyd Hasselbaink
93.1%
Jimmy Floyd Hasselbaink
93.1%
Jimmy Floyd Hasselbaink
93.1%
Ole Gunnar Solskjær
92.7%
Ole Gunnar Solskjær
92.7%
Ole Gunnar Solskjær
92.7%
Hatem Ben Arfa
92.6%
Hatem Ben Arfa
92.6%
Hatem Ben Arfa
92.6%
John Obi Mikel
90.2%
John Obi Mikel
90.2%
John Obi Mikel
90.2%
Jay Jay Okocha
90.1%
Jay Jay Okocha
90.1%
Jay Jay Okocha
90.1%
John Arne Riise
89.7%
John Arne Riise
89.7%
John Arne Riise
89.7%
Roque Santa Cruz
88%
Roque Santa Cruz
88%
Roque Santa Cruz
88%
Juan Sebastián Verón
86.8%
Juan Sebastián Verón
86.8%
Juan Sebastián Verón
86.8%
El Hadji Diouf
84.6%
El Hadji Diouf
84.6%
El Hadji Diouf
84.6%
Morten Gamst Pedersen
79.2%
Morten Gamst Pedersen
79.2%
Morten Gamst Pedersen
79.2%
José Antonio Reyes
76.6%
José Antonio Reyes
76.6%
% Correct
José Antonio Reyes
76.6%
Lomana Lua Lua
76.3%
Lomana Lua Lua
76.3%
Lomana Lua Lua
76.3%
Tore André Flo
75.8%
Tore André Flo
75.8%
Tore André Flo
75.8%
Papa Bouba Diop
74.7%
Papa Bouba Diop
74.7%
Papa Bouba Diop
74.7%
Luís Boa Morte
73.1%
Luís Boa Morte
73.1%
Luís Boa Morte
73.1%
Ricardo Vaz Te
72.5%
Ricardo Vaz Te
72.5%
Ricardo Vaz Te
72.5%
Mame Biram Diouf
71.7%
Mame Biram Diouf
71.7%
Mame Biram Diouf
71.7%
Juan Pablo Ángel
69.7%
Juan Pablo Ángel
69.7%
Juan Pablo Ángel
69.7%
Tal Ben Haim
69.2%
Tal Ben Haim
69.2%
Tal Ben Haim
69.2%
Kazenga Lua Lua
69%
Kazenga Lua Lua
69%
Kazenga Lua Lua
69%
Jon Dahl Tomasson
65.1%
Jon Dahl Tomasson
65.1%
Jon Dahl Tomasson
65.1%
Ramiro Funes Mori
62.3%
% Correct
Ramiro Funes Mori
62.3%
Ramiro Funes Mori
62.3%
Anthony Vanden Borre
50%
Anthony Vanden Borre
50%
Anthony Vanden Borre
50%
Juan Carlos Paredes
45.6%
Juan Carlos Paredes
45.6%
Juan Carlos Paredes
45.6%
Stig Inge Bjørnebye
45%
Stig Inge Bjørnebye
45%
Stig Inge Bjørnebye
45%
Juan Carlos Menseguez
38.7%
Juan Carlos Menseguez
38.7%
Juan Carlos Menseguez
38.7%
Bjørn Helge Riise
35.3%
Bjørn Helge Riise
35.3%
Bjørn Helge Riise
35.3%
Samuele Dalla Bona
33.2%
Samuele Dalla Bona
33.2%
Samuele Dalla Bona
33.2%
Magnus Wolff Eikrem
31.5%
Magnus Wolff Eikrem
31.5%
Magnus Wolff Eikrem
31.5%
Bjørn Tore Kvarme
27.5%
Bjørn Tore Kvarme
27.5%
Bjørn Tore Kvarme
27.5%
Trond Egil Soltvedt
24.8%
Trond Egil Soltvedt
24.8%
Trond Egil Soltvedt
24.8%
Jon Olav Hjelde
20.5%
Jon Olav Hjelde
20.5%
Jon Olav Hjelde
20.5%
Come Together.
Have Fun.
All Virtual.
We all need to come together. Play Sporcle's virtual live trivia to have fun, connect with people, and get your trivia on. Join a live hosted trivia game for your favorite pub trivia experience done virtually. If a virtual private party is more your thing, go here for details.

You're not logged in!

Compare scores with friends on all Sporcle quizzes.
OR
Log In

Sporcle TV

Today on Sporcle TV


Watch our educational content, quiz creation guides, and fun videos on Sporcle TV.

Show Comments

Extras

Top Quizzes Today


Score Distribution

Paid Content

Your Account Isn't Verified!

In order to create a playlist on Sporcle, you need to verify the email address you used during registration. Go to your Sporcle Settings to finish the process.

Report this User

Report this user for behavior that violates our Community Guidelines.

Details: